Técnicas de comunicación y relación de ayuda en ciencias de la salud (Registro nro. 3337)
[ vista simple ]
| 000 -Cabecera | |
|---|---|
| Campo de control de longitud fija | 01402aam a2200337 4500 |
| 005 - Fecha y hora de la última transacción | |
| Campo de control | 20241002185302.0 |
| 008 - Elementos de longitud fija--Información general | |
| Campo de control de longitud fija | 150320b2010 sp ||||| |||| 00| 0 spa d |
| 020 ## - International Standard Book Number | |
| Número Internacional Estándar del Libro (ISBN) | 9788480866644 |
| 041 ## - Idioma | |
| Código de idioma | Español |
| 082 ## - Clasificación Decimal Dewey | |
| Número de clasificación | 610.696 C567t |
| 100 ## - Entrada principal--Autor personal | |
| Nombre personal | Cibanal, Juan Luis |
| 9 (RLIN) | 28520 |
| 100 ## - Entrada principal--Autor personal | |
| Nombre personal | Arce Sánchez, María del Carmen |
| 9 (RLIN) | 28521 |
| 100 ## - Entrada principal--Autor personal | |
| Nombre personal | Carballo Balsa, María del Consuelo |
| 9 (RLIN) | 28522 |
| 245 ## - Título propiamente dicho | |
| Título | Técnicas de comunicación y relación de ayuda en ciencias de la salud |
| 250 ## - Edición | |
| Mención de edición | 2 edición |
| 260 ## - Pie de imprenta | |
| Lugar de publicación, distribución, etc. | España |
| 260 ## - Pie de imprenta | |
| Nombre del editor, distribuidor, etc. | ELsevier |
| 260 ## - Pie de imprenta | |
| Fecha de publicación, distribución, etc. | 2010 |
| 300 ## - Descripción física | |
| Extensión | 304 páginas |
| 300 ## - Descripción física | |
| Material acompañante | Contiene disco compacto N° 105 |
| 505 ## - Nota de contenido | |
| Nota de contenido | El disco contiene vídeos que ejemplifican las técnicas de comunicación y relación de ayuda en ciencias de la salud, en los siguientes casos:<br/><br/>1. Paciente ansioso.<br/>2. Paciente indiferente.<br/>3. Paciente agresivo.<br/>4. Profesional cansado no explica cansancio.<br/>5. Profesional cansado explica cansancio.<br/>6. Profesional no explica el tiempo.<br/>7. Profesional explica el tiempo.<br/>8. Feedback.<br/>9. Profesional empático. |
| 650 ## - Materia general | |
| Temática (materia general) | RELACIONES MÉDICAS |
| 650 ## - Materia general | |
| Temática (materia general) | COMUNICACIÓN |
| 650 ## - Materia general | |
| Temática (materia general) | ESQUEMA DE LA COMUNICACIÓN |
| 650 ## - Materia general | |
| Temática (materia general) | RECEPCIÓN DEL MENSAJE |
| 650 ## - Materia general | |
| Temática (materia general) | RELACIONES CON EL PACIENTE |
| 650 ## - Materia general | |
| Temática (materia general) | RELACIÓN DE AYUDA |
| 650 ## - Materia general | |
| Temática (materia general) | COMUNICACIÓN GRUPAL |
| 650 ## - Materia general | |
| Temática (materia general) | COMUNICACIÓN TERAPÉUTICA |
| 942 ## - Punto de acceso adicional KOHA | |
| Tipo de ítem KOHA | Libro |
| Fuente del sistema de clasificación o colocación | Dewey Decimal Classification |
| Signatura completa | Código de barras | Tipo de ítem |
|---|---|---|
| 610.696 C567t | 17940 | Libro |
| 610.696 C567t | 105DC | Disco Compacto |